000 00830 a2200229 4500
003 Nust
005 20230113161513.0
010 _a 97066854
020 _a0761504257 (pbk.) :
035 _a(OCoLC)37489311
040 _cNust
082 0 0 _a652.5,NEM
100 1 _aNemes, Gabrielle R.
_9106814
245 1 4 _aThe essential WordPerfect 8 book :
_bthe get-it-done tutorial /
_cGabrielle R. Nemes with David Plotkin.
246 3 _aEssential WordPerfect 8 book
260 _aRocklin, Calif. :
_bPrima Publishing,
_c1997.
300 _axxvi, 570 p. :
_bill. ;
_c23 cm.
505 _aPart 1: Let’s Get Started (Page-1), Part 2: Daily Tasks (Page-77), Part 3: Reports and Presentations (Page-199), Part 4: Tell me More (Page-395).
650 0 _aWord processing.
_936793
700 1 _aPlotkin, David.
_964345
942 _2ddc
_cBK
999 _c193571
_d193571